| 000 | 00454nam a22001577a 4500 | ||
|---|---|---|---|
| 005 | 20251121112017.0 | ||
| 008 | 251121b |||||||| |||| 00| 0 eng d | ||
| 020 | _a979-8-88715-404-6 | ||
| 100 | _aJONES, JACQUELINE M. | ||
| 245 | _aTEXTILE FIBRE | ||
| 260 |
_aDUBLIN _bORYSON PRESS _c2024 |
||
| 300 | _aVI, 297P. | ||
| 500 | _aINCLUDES INDEX | ||
| 650 | _a1. TEXTILE FIBRES 2. TEXTILES - MATERIALS 3. TEXTILE INDUSTRY - MATERIALS | ||
| 942 |
_2lcc _cBK |
||
| 999 |
_c216250 _d216250 |
||